[Event "Stay Safe Play From Home 173"]
[Site "T#646330Emanuel Laske"]
[Date "2020.05.25"]
[Round "3"]
[White "Fischer_11"]
[Black "Tobo Rubirosa"]
[Result "1-0"]
[WhiteElo "1865"]
[BlackElo "1538"]
[Annotator "NA"]
[PlyCount "73"]
[EventDate "2020.05.25"]
[EventType "swiss (blitz)"]

1. e4 {[%emt 0:00:02]} c5 {[%emt 0:00:01]} 2. c3 {[%emt 0:00:01]} d5 {[%emt 0:00:01]} 3. exd5 {[%emt 0:00:00]} Qxd5 {[%emt 0:00:01]} 4. d4 {[%emt 0:00:00]} Nc6 {[%emt 0:00:02]} 5. dxc5 {[%emt 0:00:01]} Qxc5 {[%emt 0:00:03]} 6. Na3 {[%emt 0:00:02]} Nf6 {[%emt 0:00:01]} 7. Be3 {[%emt 0:00:00]} Qa5 {[%emt 0:00:04]} 8. Nb5 {[%emt 0:00:00]} e6 {[%emt 0:00:05]} 9. b4 {[%emt 0:00:02]} Qd8 {[%emt 0:00:03]} 10. Qxd8+ {[%emt 0:00:02]} Kxd8 {[%emt 0:00:01]} 11. Rd1+ {[%emt 0:00:00]} Bd7 {[%emt 0:00:03]} 12. Nf3 {[%emt 0:00:01]} Be7 {[%emt 0:00:02]} 13. Be2 {[%emt 0:00:01]} a6 {[%emt 0:00:01]} 14. Nd6 {[%emt 0:00:02]} Bxd6 {[%emt 0:00:01]} 15. Rxd6 {[%emt 0:00:00]} Kc7 {[%emt 0:00:01]} 16. Rd2 {[%emt 0:00:03]} Rad8 {[%emt 0:00:02]} 17. O-O {[%emt 0:00:01]} Bc8 {[%emt 0:00:01]} 18. Rfd1 {[%emt 0:00:00]} Rxd2 {[%emt 0:00:01]} 19. Rxd2 {[%emt 0:00:00]} Rd8 {[%emt 0:00:01]} 20. Rxd8 {[%emt 0:00:02]} Kxd8 {[%emt 0:00:01]} 21. a3 {[%emt 0:00:00]} Ke7 {[%emt 0:00:01]} 22. c4 {[%emt 0:00:01]} Ng4 {[%emt 0:00:03]} 23. Kf1 {[%emt 0:00:00]} Nxe3+ {[%emt 0:00:02]} 24. fxe3 {[%emt 0:00:00]} e5 {[%emt 0:00:03]} 25. Nd2 {[%emt 0:00:04]} Be6 {[%emt 0:00:02]} 26. g3 {[%emt 0:00:00]} Nd8 {[%emt 0:00:05]} 27. Kf2 {[%emt 0:00:00]} b6 {[%emt 0:00:02]} 28. c5 {[%emt 0:00:04]} bxc5 {[%emt 0:00:02]} 29. bxc5 {[%emt 0:00:00]} Nb7 {[%emt 0:00:02]} 30. c6 {[%emt 0:00:02]} Na5 {[%emt 0:00:01]} 31. c7 {[%emt 0:00:01]} Kd7 {[%emt 0:00:01]} 32. Bxa6 {[%emt 0:00:02]} Kxc7 {[%emt 0:00:01]} 33. Ne4 {[%emt 0:00:02]} Bc4 {[%emt 0:00:02]} 34. Bxc4 {[%emt 0:00:02]} Nxc4 {[%emt 0:00:00]} 35. Ng5 {[%emt 0:00:00]} f6 {[%emt 0:00:02]} 36. Nxh7 {[%emt 0:00:01]} Kd7 {[%emt 0:00:01]} 37. a4 {[%emt 0:00:01] Tiempo (Lag: Av=0.99s, max=1.3s) '} 1-0

[Event "Stay Safe Play From Home 173"]
[Site "T#646330Emanuel Laske"]
[Date "2020.05.25"]
[Round "3"]
[White "Patzeroglu"]
[Black "The Next Contender"]
[Result "0-1"]
[WhiteElo "1858"]
[BlackElo "1914"]
[Annotator "TA"]
[PlyCount "86"]
[EventDate "2020.05.25"]
[EventType "swiss (blitz)"]

{[%evp 9,86,66,81,78,78,60,91,87,89,30,162,139,281,272,252,172,170,171,178,44,64,57,40,13,55,34,61,34,42,16,16,16,18,17,21,15,43,38,66,41,53,23,20,17,19,5,17,35,60,20,22,0,21,21,55,55,135,92,195,202,241,82,87,30,28,28,134,103,211,223,846,531,1275,889,2139,1876,959,314,4627]} 1. e4 d5 2. exd5 Qxd5 3. Nf3 Qa5 4. Be2 c6 5. O-O Bf5 6. d4 {B01: Scandinavian Defence.} e6 7. c4 Qc7 8. Nc3 {White is better.} Nf6 {[#]} 9. d5 $146 (9. Nh4 $16) ({Predecessor:} 9. Re1 Be7 10. Be3 Nbd7 11. Rc1 h6 12. Qb3 Qb6 13. Qxb6 Nxb6 14. Ne5 O-O 15. g4 {1-0 (54) England,M (1661)-Garcia Bellido,A (1327) Caleta 2017}) 9... cxd5 (9... Bc5 $11 {and Black has nothing to worry.}) 10. cxd5 $18 Nxd5 (10... a6 $16 {keeps fighting.}) 11. Nxd5 exd5 12. Qxd5 Be6 13. Bb5+ Nc6 14. Bxc6+ ({White must play} 14. Qe4 $1 $18) 14... bxc6 15. Qe4 {aiming for Bf4.} Be7 16. Bg5 (16. Bf4 $5 {[%cal Rf4c7]} Qb7 17. Rae1 $16) 16... O-O (16... Bd5 $5 {[%cal Rd5e4]} 17. Qxe7+ Qxe7 18. Bxe7 Kxe7 $11) 17. Bxe7 Qxe7 18. Nd4 Rfe8 19. Nxe6 Qxe6 20. Qxe6 Rxe6 $14 {[%mdl 4096] Endgame KRR-KRR} 21. Rfe1 Rd6 22. Kf1 Rd2 23. Re2 Rd5 24. Rae1 {Re8+ would kill now.} h6 25. Re8+ Rxe8 26. Rxe8+ $11 {KR-KR} Kh7 27. f3 Rd2 28. Re2 Rd5 29. Kf2 Kg6 30. Ke3 Rb5 31. Kd4 Rd5+ 32. Kc4 a5 (32... Ra5 $14) 33. b3 Rf5 {[#]} (33... h5 $16) 34. a4 $1 $18 Rf4+ {[#]} 35. Kc5 $2 (35. Re4 $1 $18 {[%cal Re4f4] is more deadly.} Rf5 36. b4) 35... Rb4 $16 36. Kxc6 (36. Re3 $16) 36... Rxb3 $11 37. Re5 Rb4 (37... Rb2 $11 {keeps the balance.}) 38. Rxa5 $16 Rb2 (38... Rc4+ $16 {was necessary.} 39. Kb6 Kf6) 39. g4 $18 {Strongly threatening Rc5.} Rxh2 $2 (39... Ra2 40. h4 Ra3) 40. Rb5 Rf2 41. a5 Rxf3 42. a6 Ra3 43. Kb6 Rxa6+ $2 {[%mdl 32768] Accuracy: White = 58%, Black = 32%. . Loss on time!?} (43... Re3 44. a7 Re8) 0-1

[Event "Stay Safe Play From Home 173"]
[Site "T#646330Emanuel Laske"]
[Date "2020.05.25"]
[Round "3"]
[White "Majstor-resa"]
[Black "Tunca"]
[Result "0-1"]
[WhiteElo "1655"]
[BlackElo "1820"]
[Annotator "NA RC"]
[PlyCount "96"]
[EventDate "2020.05.25"]
[EventType "swiss (blitz)"]

1. d4 {[%emt 0:00:01]} d6 {[%emt 0:00:01]} 2. Nf3 {[%emt 0:00:00]} g6 {[%emt 0:00:02]} 3. Nc3 {[%emt 0:00:00]} Bg7 {[%emt 0:00:00]} 4. Bg5 {[%emt 0:00:00]} Nd7 {[%emt 0:00:01]} 5. e4 {[%emt 0:00:01]} Ngf6 {[%emt 0:00:00]} 6. Bd3 {[%emt 0:00:01]} c5 {[%emt 0:00:01]} 7. d5 {[%emt 0:00:02]} h6 {[%emt 0:00:02]} 8. Bh4 {[%emt 0:00:02]} Qa5 {[%emt 0:00:00]} 9. Qd2 {[%emt 0:00:01]} a6 {[%emt 0:00:01]} 10. O-O-O {[%emt 0:00:02]} b5 {[%emt 0:00:01]} 11. Rhe1 {[%emt 0:00:02]} b4 {[%emt 0:00:01]} 12. Nb1 {[%emt 0:00:01]} Rb8 {[%emt 0:00:02]} 13. e5 {[%emt 0:00:01]} dxe5 {[%emt 0:00:03]} 14. Nxe5 {[%emt 0:00:01]} Nxe5 {[%emt 0:00:00]} 15. Rxe5 {[%emt 0:00:01]} O-O {[%emt 0:00:01]} 16. Rxe7 {[%emt 0:00:01]} Nxd5 {[%emt 0:00:03]} 17. Re2 {[%emt 0:00:11]} Be6 {[%emt 0:00:00]} 18. Bc4 {[%emt 0:00:02]} Rfd8 {[%emt 0:00:10]} 19. Bxd8 {[%emt 0:00:02]} Rxd8 {[%emt 0:00:01]} 20. c3 {[%emt 0:00:03]} bxc3 {[%emt 0:00:03]} 21. Nxc3 {[%emt 0:00:02]} Bxc3 {[%emt 0:00:04]} 22. bxc3 {[%emt 0:00:02]} Qa3+ {[%emt 0:00:03]} 23. Qb2 {[%emt 0:00:01]} Qxb2+ {[%emt 0:00:02]} 24. Kxb2 {[%emt 0:00:01]} Rb8+ {[%emt 0:00:01]} 25. Kc2 {[%emt 0:00:01]} Nf4 {[%emt 0:00:00]} 26. Bxe6 {[%emt 0:00:01]} Nxe2 {[%emt 0:00:01]} 27. Bd5 {[%emt 0:00:02]} Nf4 {[%emt 0:00:01]} 28. Bf3 {[%emt 0:00:02]} Ne6 {[%emt 0:00:01]} 29. Rd5 {[%emt 0:00:01]} Kg7 {[%emt 0:00:01]} 30. Bg4 {[%emt 0:00:01]} Re8 {[%emt 0:00:01]} 31. Bxe6 {[%emt 0:00:01]} Rxe6 {[%emt 0:00:00]} 32. Rxc5 {[%emt 0:00:01]} Re2+ {[%emt 0:00:00]} 33. Kb3 {[%emt 0:00:00]} Rxf2 {[%emt 0:00:00]} 34. Ra5 {[%emt 0:00:01]} Rxg2 {[%emt 0:00:00]} 35. Rxa6 {[%emt 0:00:01]} Rxh2 {[%emt 0:00:00]} 36. c4 {[%emt 0:00:00]} Rh3+ {[%emt 0:00:00]} 37. Kb4 {[%emt 0:00:00]} Rh4 {[%emt 0:00:01]} 38. a4 {[%emt 0:00:00]} Rh2 {[%emt 0:00:00]} 39. Kb5 {[%emt 0:00:01]} Rb2+ {[%emt 0:00:00]} 40. Kc6 {[%emt 0:00:00]} Rb1 {[%emt 0:00:00]} 41. c5 {[%emt 0:00:00]} Rc1 {[%emt 0:00:00]} 42. Rb6 {[%emt 0:00:01]} Rc3 {[%emt 0:00:00]} 43. a5 {[%emt 0:00:00]} Ra3 {[%emt 0:00:00]} 44. a6 {[%emt 0:00:00]} h5 {[%emt 0:00:00]} 45. Kb7 {[%emt 0:00:00]} h4 {[%emt 0:00:00]} 46. c6 {[%emt 0:00:00]} h3 {[%emt 0:00:01]} 47. c7 {[%emt 0:00:00]} Rb3 {[%emt 0:00:01]} 48. c8=Q {[%emt 0:00:01]} g5 {[%emt 0:00:01] Zeit (Lag: Av=0.38s, max=0.8s)} 0-1

[Event "Stay Safe Play From Home 173"]
[Site "T#646330Emanuel Laske"]
[Date "2020.05.25"]
[Round "3"]
[White "matanant"]
[Black "Haxhi Baha"]
[Result "0-1"]
[WhiteElo "1649"]
[BlackElo "2001"]
[Annotator "TA"]
[PlyCount "102"]
[EventDate "2020.05.25"]
[EventType "swiss (blitz)"]

{[%evp 9,102,1,15,-7,7,-40,-38,-41,-42,-38,-33,-28,-37,-34,-34,-34,-23,-20,216,0,0,-3,-7,-52,-22,-43,-25,-52,52,38,77,75,94,40,134,158,144,133,140,8,13,7,14,0,169,164,167,89,193,183,193,190,181,99,114,96,97,97,122,59,91,0,0,0,0,0,0,0,58,4,2,2,3,2,3,-17,-17,-33,-6,-83,0,0,0,0,0,0,0,-121,0,-8,11,14,4934,26,73]} 1. b3 d5 2. Bb2 e6 3. e3 c5 4. f4 Nc6 5. Nf3 f6 6. Bb5 {A01: Nimzowitsch-Larsen Opening.} Bd7 7. Bxc6 Bxc6 8. O-O {Black is slightly better.} Bd6 9. d3 Ne7 {[#]} 10. Qe2 $146 ({Predecessor:} 10. Nbd2 O-O 11. Qe1 Ng6 12. Nh4 Qe8 {½-½ (12) Brockob,M-Baseler,N Eisenberg 1993}) 10... O-O 11. Nbd2 Qc7 12. g3 Rae8 13. e4 {Black must now prevent e5.} d4 $2 {[#]} (13... Qd7 $11 {and Black stays safe.}) 14. Nc4 $2 (14. e5 $1 $18) 14... e5 $11 15. f5 b5 16. Ncd2 Rc8 17. g4 Rf7 18. h4 c4 (18... g6 $15) 19. bxc4 $14 bxc4 20. Nxc4 Bb4 21. Nfd2 (21. Rab1 $16) 21... Bc3 ({Better is} 21... g6 $14) 22. Bxc3 $16 dxc3 23. Nb3 Bb5 {[%cal Rb5c4]} 24. Nba5 (24. Ne3 $16) 24... Nc6 $1 $11 {[%cal Rc6a5]} 25. Nxc6 Qxc6 26. Ne3 Qc5 $2 (26... Qxe4 $1 $11 {and Black has nothing to worry.} 27. Qf2 Qc6) 27. Kg2 Qd4 28. a4 (28. Rae1 $18) 28... Bc6 (28... Qxe4+ $16 {keeps fighting.} 29. dxe4 Bxe2) 29. a5 $18 Bb7 30. Ra3 Ba6 31. Rfa1 (31. Re1 $18) 31... Qxe4+ $16 32. dxe4 Bxe2 33. Kf2 Ba6 {[#]} 34. Nd5 (34. Rd1 $1 $16) 34... Rd7 35. Rxc3 ({White should try} 35. Ke3 $16) 35... Rxc3 $11 36. Nxc3 $16 {[%mdl 4096] Endgame KRB-KRN} Rd2+ 37. Ke3 Rxc2 38. Nd5 Rh2 (38... Rb2 $11) 39. g5 (39. Rb1 $14) 39... Rh3+ $11 40. Kf2 Rxh4 41. gxf6 {With the idea Rb1.} Rxe4 42. fxg7 Kxg7 43. f6+ Kf7 {Hoping for ...Bb7.} 44. Rc1 (44. Rg1 $1 $11 {keeps the balance.}) 44... Rd4 (44... Bc4 $17 45. Ne3 Bd3) 45. Rc7+ {[%mdl 64] Double Attack} Kf8 46. Ne7 Rf4+ 47. Ke3 Rxf6 48. Nd5 (48. Rxa7 $11 {remains equal.} Bc4 49. Ke4) 48... Rd6 ({Black should play} 48... Rf7 $17 {Strongly threatening ...Rxc7.} 49. Rc5 Bb7) 49. Nb4 Re6 50. Rxa7 Rc6 $2 {[%mdl 8192]} (50... Bf1 $11) 51. Rxh7 $2 (51. Nxc6 $18 Bb5 52. Nxe5) 51... Rc4 {[%mdl 32768] Accuracy: White = 57%, Black = 52%. . Loss on time!?} 0-1

[Event "Stay Safe Play From Home 173"]
[Site "T#646330Emanuel Laske"]
[Date "2020.05.25"]
[Round "3"]
[White "DoRuKMaNN"]
[Black "Archi-ak"]
[Result "0-1"]
[WhiteElo "1620"]
[BlackElo "2085"]
[Annotator "TA"]
[PlyCount "84"]
[EventDate "2020.05.25"]
[EventType "swiss (blitz)"]

{[%evp 9,84,9,38,35,42,58,50,14,27,22,40,37,43,45,47,0,0,7,0,-20,35,0,81,16,147,85,102,102,105,105,116,120,120,117,117,85,163,105,119,-675,0,0,67,-271,55,-285,-182,-263,-245,-29983,-29983,-29983,-12307,-29987,-29986,-29988,-29988,-29989,-29990,-29990,-29991,-29991,-29992,-29993,-29994,-29995,-29996,-29996,-29995,-29995,-29995,-29995,-29996,-29997,-29998,-29999,-29999]} 1. d4 c6 2. c4 d5 3. g3 dxc4 4. Bg2 Nf6 5. Nf3 Bf5 6. Nbd2 {D11: Slav Defence: 3 Nf3 sidelines and 3...Nf6 4 e3 Bg4.} e6 7. Nxc4 Nbd7 {[#]} 8. Bg5 $146 {White is slightly better.} ({Predecessor:} 8. O-O Be7 9. Bf4 O-O 10. Nd6 Qb6 11. Nxf5 exf5 12. Qc2 g6 13. Rfd1 Nd5 14. Ne5 {1-0 (40) Adianto,U (2520)-Murshed,N (2520) Moscow 1994}) 8... Be7 9. e3 Bg6 10. O-O O-O 11. Qb3 Nb6 12. Nxb6 Qxb6 13. Qxb6 axb6 14. a3 Rac8 (14... h6 $11 15. Bxf6 gxf6) 15. Rac1 c5 (15... h6 $11 16. Bxf6 gxf6) 16. Rfd1 (16. Ne5 $16) 16... c4 (16... h6 $11 17. Bxf6 Bxf6) 17. a4 (17. Ne5 $142) 17... Bb4 18. Bxf6 gxf6 19. Nd2 c3 20. bxc3 Rxc3 21. Rxc3 Bxc3 22. Ne4 Bb4 (22... Bxe4 $16 23. Bxe4 Ra8) 23. Rb1 ({White should play} 23. Nxf6+ $18 Kg7 24. Nd7 {[%mdl 64] Double Attack}) 23... Ba5 $16 24. Nd6 $2 {[%mdl 8192] [#]} (24. Rc1 $16) 24... Rd8 $2 (24... Bxb1 $19 25. Bxb7 Bb4) 25. Nxb7 $11 Rc8 (25... Rxd4 $1 $11 26. exd4 Bxb1) 26. Nxa5 $2 {[%mdl 8192]} (26. Rd1 $14 {keeps the upper hand.}) 26... bxa5 $2 $14 {[%mdl 4096] Endgame KRB-KRB} ({Better is} 26... Bxb1 $19 27. Nc6 Kf8) 27. Rb5 $2 {[%mdl 8192]} (27. Ra1 $14 {stays ahead.}) 27... Rc1+ $19 28. Bf1 Bd3 29. Kg2 $2 {[#]} (29. Rxa5 $19 Bxf1 30. h4) 29... Bxf1+ 30. Kf3 Bxb5 31. axb5 {KR-KP} Rb1 {Black mates.} 32. Ke2 Rxb5 33. Kd3 a4 34. Kc4 Rb8 35. h4 a3 36. Kc3 a2 37. Kc2 a1=Q 38. Kd3 f5 39. Ke2 Qa2+ 40. Kf3 Rb2 {[%csl Ga2][%cal Rb2f2]} 41. Kg2 Rxf2+ 42. Kh1 Rh2+ {Accuracy: White = 37%, Black = 69%.} 0-1

[Event "Stay Safe Play From Home 173"]
[Site "T#646330Emanuel Laske"]
[Date "2020.05.25"]
[Round "3"]
[White "UHU4"]
[Black "SecantFX"]
[Result "0-1"]
[WhiteElo "1482"]
[BlackElo "1892"]
[Annotator "NA RC"]
[PlyCount "72"]
[EventDate "2020.05.25"]
[EventType "swiss (blitz)"]

1. e4 {[%emt 0:00:02]} b6 {[%emt 0:00:00]} 2. d4 {[%emt 0:00:01]} Bb7 {[%emt 0:00:00]} 3. Nc3 {[%emt 0:00:00]} c5 {[%emt 0:00:00]} 4. d5 {[%emt 0:00:02]} d6 {[%emt 0:00:01]} 5. Nf3 {[%emt 0:00:02]} Nd7 {[%emt 0:00:00]} 6. Bb5 {[%emt 0:00:01]} f6 {[%emt 0:00:00]} 7. Qe2 {[%emt 0:00:01]} a6 {[%emt 0:00:00]} 8. Bd3 {[%emt 0:00:02]} b5 {[%emt 0:00:00]} 9. a3 {[%emt 0:00:01]} c4 {[%emt 0:00:00]} 10. Bxc4 {[%emt 0:00:01]} bxc4 {[%emt 0:00:00]} 11. Qxc4 {[%emt 0:00:00]} Nc5 {[%emt 0:00:01]} 12. b4 {[%emt 0:00:02]} Rc8 {[%emt 0:00:01]} 13. bxc5 {[%emt 0:00:01]} Rxc5 {[%emt 0:00:00]} 14. Qd4 {[%emt 0:00:01]} Qc7 {[%emt 0:00:01]} 15. Bd2 {[%emt 0:00:02]} e5 {[%emt 0:00:02]} 16. dxe6 {[%emt 0:00:03]} Ne7 {[%emt 0:00:01]} 17. O-O {[%emt 0:00:02]} Nc6 {[%emt 0:00:01]} 18. Qe3 {[%emt 0:00:02]} Nd8 {[%emt 0:00:02]} 19. Nd5 {[%emt 0:00:01]} Bxd5 {[%emt 0:00:01]} 20. exd5 {[%emt 0:00:01]} Rxd5 {[%emt 0:00:00]} 21. Bb4 {[%emt 0:00:04]} Be7 {[%emt 0:00:03]} 22. Rad1 {[%emt 0:00:02]} Rb5 {[%emt 0:00:04]} 23. c4 {[%emt 0:00:02]} Rxb4 {[%emt 0:00:01]} 24. axb4 {[%emt 0:00:01]} Qxc4 {[%emt 0:00:00]} 25. Rc1 {[%emt 0:00:02]} Qxb4 {[%emt 0:00:02]} 26. Rc8 {[%emt 0:00:01]} O-O {[%emt 0:00:01]} 27. Nh4 {[%emt 0:00:02]} Qb7 {[%emt 0:00:01]} 28. Rfc1 {[%emt 0:00:02]} g6 {[%emt 0:00:03]} 29. h3 {[%emt 0:00:01]} Kg7 {[%emt 0:00:01]} 30. f4 {[%emt 0:00:01]} Qb5 {[%emt 0:00:01]} 31. g4 {[%emt 0:00:04]} Nc6 {[%emt 0:00:06]} 32. Rxf8 {[%emt 0:00:03]} Bxf8 {[%emt 0:00:00]} 33. Qf3 {[%emt 0:00:01]} Ne7 {[%emt 0:00:00]} 34. f5 {[%emt 0:00:01]} g5 {[%emt 0:00:01]} 35. Ng2 {[%emt 0:00:02]} Qc5+ {[%emt 0:00:00]} 36. Rxc5 {[%emt 0:00:01]} dxc5 {[%emt 0:00:00] Tiempo (Lag: Av=0.44s, max=0.6s) .} 0-1

[Event "Stay Safe Play From Home 173"]
[Site "T#646330Emanuel Laske"]
[Date "2020.05.25"]
[Round "4"]
[White "SoulofWolf"]
[Black "Rogan"]
[Result "1-0"]
[WhiteElo "2254"]
[BlackElo "2298"]
[Annotator "TA"]
[PlyCount "129"]
[EventDate "2020.05.25"]
[EventType "swiss (blitz)"]

{[%evp 9,129,0,0,0,8,-37,-36,-25,27,-8,29,45,42,37,58,43,74,-45,-10,-10,-19,-142,-137,-126,-27,-23,140,-12,0,0,0,0,150,-144,-73,-195,-185,-186,-161,-166,-152,-187,-158,-175,-174,-258,-260,-291,-287,-337,-343,-394,-295,-299,-294,-267,15,-414,-399,-374,-354,-469,-54,-46,0,0,21,22,223,219,214,199,225,230,222,198,315,288,449,425,511,492,520,347,477,406,382,154,152,0,8,8,8,0,0,0,0,0,0,-11,0,0,0,0,77,8,962,504,1317,1123,1173,372,1790,1508,4622,4455,1698,2049,2126,0,1932,1869]} 1. d4 d5 2. Nf3 c6 3. Bg5 Qb6 4. b3 Bf5 5. c3 Nd7 6. e3 {D00: 1 d4 d5: Unusual lines.} Ngf6 {[#]} 7. Be2 $146 ({Predecessor:} 7. Bd3 Bg6 8. O-O e6 9. Qc2 Ne4 10. Bh4 Bd6 11. Nbd2 Nxd2 12. Nxd2 Qc7 13. f4 c5 14. g3 {½-½ (14) Casagrande,H (2395)-Brestian,E (2460) Austria 1994}) 7... Bxb1 8. Rxb1 {Black is slightly better.} e6 (8... Ne4 $142 9. Qc2 f6) 9. Qc2 Bd6 10. O-O Ne4 11. Bh4 f5 12. Bd3 Ndf6 13. Ne5 (13. Bxf6 $16 gxf6 14. b4) 13... Bxe5 (13... g5 $5 {[%cal Rg5h4]} 14. Bg3 Nxg3 15. hxg3 Qc7 $11) 14. dxe5 Nd7 15. f3 (15. c4 $11) 15... Qxe3+ $17 16. Kh1 Nec5 (16... Nd2 $17 17. Rbe1 Qh6) 17. Be2 $11 Qxe5 $2 (17... a5 $11) 18. Rbe1 $2 (18. b4 $16) 18... Qf4 19. Bg3 Qh6 $1 20. b4 Na6 ({Better is} 20... f4 $11 21. Bf2 Na6) 21. f4 $2 (21. Bxa6 $1 $16 bxa6 22. Qxf5) 21... O-O (21... Nc7 $142 22. Rf3 Nf6) 22. a3 (22. Bxa6 $17 bxa6 23. Qa4) 22... Nc7 $19 23. c4 a6 24. Bd3 Rae8 25. Re2 Nb6 26. c5 Nd7 {[%cal Bb6d7,Bd7f6,Bf6e4][%mdl 32]} 27. Rfe1 (27. Be1 $142) 27... Nf6 28. Bf2 Ne4 29. Bxe4 fxe4 ({Much less strong is} 29... dxe4 30. g3 $19) 30. g3 Qg6 31. Bd4 Nb5 32. Bb2 {[#]} e3 $2 ({Black should play} 32... e5 $1 $19 {White must now prevent ...Nd4.} 33. fxe5 (33. Bxe5 Rxe5) 33... Nc7) 33. Ba1 $2 {[%mdl 8192]} (33. Qxg6 $11 hxg6 34. a4 (34. Rxe3 d4 $14)) 33... Qxc2 34. Rxc2 d4 35. a4 Nc3 $2 (35... d3 $19 36. Rcc1 d2 37. axb5 dxc1=N 38. Rxc1 axb5) 36. Bxc3 $15 dxc3 (36... e5 {feels hotter.} 37. fxe5 Rf2 38. Rcc1 dxc3 39. Rxe3 c2) 37. Rxc3 {[%mdl 4096] Endgame KRR-KRR} e5 38. Rcxe3 e4 $2 (38... Rf5 $11 {and Black has nothing to worry.}) 39. Rxe4 $18 Rxe4 40. Rxe4 {KR-KR} Kf7 {[#]} 41. Rd4 $1 Re8 42. Rd7+ Kg6 (42... Re7 {is a better defense.} 43. Rd6 Re2) 43. Rxb7 Re4 (43... Re2 {was worth a try.} 44. Kg1 Rb2) 44. Kg2 Re2+ 45. Kh3 Ra2 46. g4 Rb2 47. f5+ Kf6 48. Rb6 (48. Kg3 $18 {and White stays clearly on top.}) 48... Kg5 $16 49. b5 $2 (49. Rxc6 $16 Rb3+ 50. Kg2) 49... Rb3+ 50. Kg2 axb5 51. h4+ Kxg4 52. axb5 Rb2+ 53. Kf1 {Hoping for h5.} cxb5 54. Ke1 Kf3 55. Kd1 Rb1+ 56. Kc2 Re1 (56... Rb4 $11 {remains equal.}) 57. Kc3 (57. Rxb5 $16 {c6 is the strong threat.} Kg4 58. c6) 57... Re2 $2 {[%mdl 8192]} (57... Kf4 $11) 58. Kb4 Re3 (58... Kf4 $142 59. c6 (59. Kxb5 Kxf5 60. c6 g5 $16) 59... Ke5) 59. Kxb5 Re4 60. Kc6 $2 (60. Rb7 Rg4 61. c6) 60... Re2 $2 (60... Rxh4 61. Rb3+ Kf2) 61. Rb7 Kf2 62. Rb4 Rc2 63. Rb3 Kf1 64. Rb4 $2 (64. Kb6 $18 Rf2 65. c6 Rxf5 66. c7 Rf6+ 67. Kb5) 64... Rc3 $2 {[%mdl 8192]} (64... Kf2 $11 65. Kb6 Ke3) 65. Rf4+ {Never resign too early! Accuracy: White = 42%, Black = 35%.} 1-0

[Event "Stay Safe Play From Home 173"]
[Site "T#646330Emanuel Laske"]
[Date "2020.05.25"]
[Round "4"]
[White "Lamborghini"]
[Black "Weltszmerc"]
[Result "1/2-1/2"]
[WhiteElo "2187"]
[BlackElo "1973"]
[Annotator "TA"]
[PlyCount "78"]
[EventDate "2020.05.25"]
[EventType "swiss (blitz)"]

{[%evp 11,78,22,22,23,50,28,30,37,87,12,35,30,43,17,14,-8,0,0,0,0,12,10,12,0,8,0,0,0,0,-21,0,-22,0,-33,0,-7,0,0,0,0,0,0,0,0,0,0,0,0,0,0,0,0,81,0,0,0,0,0,0,0,0,0,0,0,0,0,0,-4,0]} 1. e4 Nf6 2. e5 Nd5 3. d4 Nb6 4. a4 a5 5. Nf3 d6 6. Bb5+ c6 7. Be2 {B04: Alekhine's Defence: 4 Nf3.} Bg4 8. Ng5 Bxe2 9. Qxe2 {Black must now prevent e6.White has an edge.} e6 {[#]} 10. Nc3 $146 (10. Qh5 $1 $16 {[%csl Gg5][%cal Rh5f7]} Qd7 11. Nxh7) ({Predecessor:} 10. Qh5 g6 11. Qf3 Qd7 12. Ne4 Be7 13. exd6 Bd8 14. Bf4 f6 15. Nc5 Qc8 16. O-O {½-½ (41) Roger,M (2206)-Therkildsen,T (2199) France 2003}) 10... h6 (10... dxe5 {is interesting.} 11. dxe5 Be7 12. Nce4 h6 13. Nf3 N8d7) 11. Nf3 d5 12. Nd1 c5 13. c3 cxd4 14. cxd4 Bb4+ 15. Bd2 Bxd2+ 16. Qxd2 Nc6 17. b3 Qe7 18. Ne3 Qb4 19. Qxb4 Nxb4 20. Kd2 Ke7 21. Rhc1 Rhc8 22. g4 (22. Ng1 {is more complex.} Nc6 23. Ne2 Nd7 24. h4 Rf8 25. f3) 22... Rxc1 (22... Nd7 {keeps more tension.} 23. Rxc8 Rxc8 24. Ne1 Nc6 25. N3c2 f6) 23. Rxc1 Rc8 24. Rxc8 Nxc8 $11 {[%mdl 4096] Endgame KNN-KNN} 25. h4 Na7 26. Ne1 b5 27. N1c2 Nxc2 28. Nxc2 {KN-KN} b4 29. Ke3 Nc6 30. Ne1 f6 31. f4 fxe5 (31... g6 $11) 32. fxe5 (32. dxe5 $16 g6 33. Nf3) 32... Kf7 {The position is equal.} 33. Nd3 g6 34. Nc5 Ke7 35. Kd3 Kf7 36. Ke3 Ke7 37. Nd3 Kf7 38. Nf4 Ne7 39. Nd3 Nc6 {Accuracy: White = 85%, Black = 87%.} 1/2-1/2